American star : (Record no. 174422)

000 -LEADER
fixed length control field 00971pam a2200289 a 4500
001 - CONTROL NUMBER
control field 2995277
003 - CONTROL NUMBER IDENTIFIER
control field Nust
005 - DATE AND TIME OF LATEST TRANSACTION
control field 20220829115631.0
008 - FIXED-LENGTH DATA ELEMENTS--GENERAL INFORMATION
fixed length control field 930112s1993 nyu 000 1 eng
010 ## - LIBRARY OF CONGRESS CONTROL NUMBER
LC control number 93006557
020 ## - INTERNATIONAL STANDARD BOOK NUMBER
International Standard Book Number 9780330478236
Terms of availability Rs. 476
038 ## - RECORD CONTENT LICENSOR
Staff Name Arshad
040 ## - CATALOGING SOURCE
Original cataloging agency DLC
Transcribing agency DLC
Modifying agency OCoLC
-- DLC
-- OCoLC
043 ## - GEOGRAPHIC AREA CODE
Geographic area code n-us---
050 00 - LIBRARY OF CONGRESS CALL NUMBER
Classification number PR6053.O425
Item number A8 1993
082 00 - DEWEY DECIMAL CLASSIFICATION NUMBER
Classification number 823
Author Mark COL
100 1# - MAIN ENTRY--PERSONAL NAME
Personal name Collins, Jackie.
9 (RLIN) 12048
245 10 - TITLE STATEMENT
Title American star :
Remainder of title a love story /
Statement of responsibility, etc. Jackie Collins.
260 ## - PUBLICATION, DISTRIBUTION, ETC.
Place of publication, distribution, etc. New York :
Name of publisher, distributor, etc. Simon & Schuster,
Date of publication, distribution, etc. 1993.
300 ## - PHYSICAL DESCRIPTION
Extent 560 p. ;
Dimensions 25 cm.
650 #0 - SUBJECT ADDED ENTRY--TOPICAL TERM
Topical term or geographic name entry element Motion picture actors and actresses
General subdivision Fiction.
9 (RLIN) 12055
650 #0 - SUBJECT ADDED ENTRY--TOPICAL TERM
Topical term or geographic name entry element Models (Persons)
General subdivision Fiction.
9 (RLIN) 12056
655 #7 - INDEX TERM--GENRE/FORM
Genre/form data or focus term Love stories.
Source of term gsafd
9 (RLIN) 418
906 ## - LOCAL DATA ELEMENT F, LDF (RLIN)
a 7
b cbc
c orignew
d 1
e ocip
f 19
g y-gencatlg
942 ## - ADDED ENTRY ELEMENTS (KOHA)
Source of classification or shelving scheme
Koha item type Book
Holdings
Withdrawn status Lost status Source of classification or shelving scheme Damaged status Not for loan Permanent Location Current Location Shelving location Date acquired Full call number Barcode Date last seen Copy number Price effective from Koha item type
          Central Library (CL) Central Library (CL) Fiction 01/25/2017 823 COL CL125 02/22/2024 1 01/25/2017 Book
© 2023 Central Library, National University of Sciences and Technology. All Rights Reserved.